The Society of Publication Designers 38th Publication Design Annual (Record no. 11238)

MARC details
000 -CABECERA
campo de control de longitud fija 00625nam a2200205 4500
003 - IDENTIFICADOR DEL NÚMERO DE CONTROL
campo de control OSt
005 - FECHA Y HORA DE LA ÚLTIMA TRANSACCIÓN
campo de control 20260530113844.0
008 - DATOS DE LONGITUD FIJA--INFORMACIÓN GENERAL
campo de control de longitud fija 260506b |||||||| |||| 00| 0 eng d
020 ## - NÚMERO INTERNACIONAL ESTÁNDAR DEL LIBRO
Número Internacional Estándar del Libro 9781564969798
040 ## - FUENTE DE LA CATALOGACIÓN
Centro/agencia transcriptor ICI
Centro catalogador/agencia de origen ICI
Lengua de catalogación spa
050 ## - SIGNATURA TOPOGRÁFICA DE LA BIBLIOTECA DEL CONGRESO
Número de clasificación Z246
Número de documento/Ítem .S63
100 1# - ENTRADA PRINCIPAL--NOMBRE DE PERSONA
Nombre de persona Priest, Robert
9 (RLIN) 30581
245 10 - MENCIÓN DE TÍTULO
Título The Society of Publication Designers 38th Publication Design Annual
Mención de responsabilidad, etc. ;Peter B. Cury, Remma Shapiro
264 #1 - PRODUCCIÓN, PUBLICACIÓN, DISTRIBUCIÓN, FABRICACIÓN Y COPYRIGHT
Nombre del de productor, editor, distribuidor, fabricante Rockport Publishers
Fecha de producción, publicación, distribución, fabricación o copyright 2003
Producción, publicación, distribución, fabricación y copyright Estados Unidos de America
300 ## - DESCRIPCIÓN FÍSICA
Extensión 272 páginas
336 ## - TIPO DE CONTENIDO
Término de tipo de contenido texto
Fuente rdacontent
337 ## - TIPO DE MEDIO
Nombre/término del tipo de medio sin medio
Fuente rdamedia
338 ## - TIPO DE SOPORTE
Nombre/término del tipo de soporte volumen
Fuente rdacarrier
942 ## - ELEMENTOS DE PUNTO DE ACCESO ADICIONAL (KOHA)
Fuente del sistema de clasificación o colocación Dewey Decimal Classification
Tipo de ítem Koha
Suprimir en OPAC 1

No items available.